zpět

Detail výsledku týmu

Between bar, Liberec

Datum a čas kvízu

26 Celkem bodů Celkový počet nahraných bodů na tomto kvízu bez doplňovacích otázek.
2. Pořadí na kvízu Konečné umístění týmu na tomto kvízu.

Zaznamenané odpovědi

# Otázka Odpověď Body Výsledky
1. Manželka známého zločince se s... 1
2. Jihokorejec Kim Čong-jang byl... 1
3. Tři ženy v galerii mezinárodní... 1
4. Řada čínských e-shopů stáhla z... 0
5. Jak se jmenuje český útočník,... 1
6. Nedávno jsme zde probírali tém... 0
5. Jak se česky nazývá céva, ozna... 1
5. Kterým českým výrazem je pojme... 1
5. Špatné fungování tohoto orgánu... 0
5. Ze školních lavic víme, že ját... 0